U.S. States with the Most Traffic Fatalities - Statistics

General Stats
  • This quiz has been taken 19,171 times
    11,906 since last reset
  • The average score is 7 of 11
Answer Stats
# State % Correct
19.5 Alabama
79%
23.9 Mississippi
73%
21.1 Arkansas
65%
19.7 Louisiana
65%
17.7 Oklahoma
63%
18.6 Tennessee
63%
17.7 Arizona
62%
22.1 New Mexico
59%
20.7 South Carolina
58%
19.0 Montana
55%
23.0 Wyoming
51%
No matching quizzes found
Score Distribution
Percent of People with Each Score
Percentile by Number Answered
Your Score History
You have not taken this quiz since the last reset